ਸਫ਼ਲ ਜੀਵਨ ਦਾ ਰਾਜ਼ (Record no. 110992)

MARC details
000 -LEADER
fixed length control field 00979nam a22002537a 4500
005 - DATE AND TIME OF LATEST TRANSACTION
control field 20170123164200.0
010 ## - LIBRARY OF CONGRESS CONTROL NUMBER
LC control number B-210450
020 ## - INTERNATIONAL STANDARD BOOK NUMBER
Terms of availability 200.00
035 ## - SYSTEM CONTROL NUMBER
System control number B-210450
037 ## - SOURCE OF ACQUISITION
Source of stock number/acquisition Cen Lib/Ret
040 ## - CATALOGING SOURCE
Original cataloging agency DPL
Language of cataloging PN
082 ## - DEWEY DECIMAL CLASSIFICATION NUMBER
Classification number 158.1
Edition number ਨਿਰਮਾ
100 ## - MAIN ENTRY--PERSONAL NAME
Personal name ਨਿਰਮਾਣ, ਗੁਰਦਾਸ ਸਿੰਘ
9 (RLIN) 140728
245 ## - TITLE STATEMENT
Title ਸਫ਼ਲ ਜੀਵਨ ਦਾ ਰਾਜ਼
Statement of responsibility, etc ਗੁਰਦਾਸ ਸਿੰਘ ਨਿਰਮਾਣ
246 ## - VARYING FORM OF TITLE
Title proper/short title Safal jiwan da raaz /
Remainder of title by Gurdas Singh Nirman
260 ## - PUBLICATION, DISTRIBUTION, ETC. (IMPRINT)
Name of publisher, distributor, etc ਲੋਕਗੀਤ ਪ੍ਰਕਾਸ਼ਨ
Date of publication, distribution, etc 2006
Place of publication, distribution, etc ਚੰਡੀਗੜ੍ਹ
270 ## - ADDRESS
Address SCO 26-27 Sector 34A
City ਚੰਡੀਗੜ੍ਹ
Postal code 160022
300 ## - PHYSICAL DESCRIPTION
Extent 188p
Dimensions 24cm
650 ## - SUBJECT ADDED ENTRY--TOPICAL TERM
Topical term or geographic name as entry element ਮਨੋਵਿਗਿਆਨ
Form subdivision
9 (RLIN) 140729
650 ## - SUBJECT ADDED ENTRY--TOPICAL TERM
Topical term or geographic name as entry element ਸ਼ਖ਼ਸੀਅਤ ਦੇ ਵਿਕਾਸ
9 (RLIN) 5868
650 ## - SUBJECT ADDED ENTRY--TOPICAL TERM
Topical term or geographic name as entry element Psychology
9 (RLIN) 140730
650 ## - SUBJECT ADDED ENTRY--TOPICAL TERM
Topical term or geographic name as entry element Personality development
9 (RLIN) 24960
942 ## - ADDED ENTRY ELEMENTS (KOHA)
Source of classification or shelving scheme Dewey Decimal Classification
Koha item type Punjabi Bks
Classification part 158.1
Call number prefix ਨਿਰਮਾ
Holdings
Withdrawn status Lost status Damaged status Not for loan Home library Current library Date acquired Source of acquisition Cost, normal purchase price Total Checkouts Full call number Barcode Date last seen Copy number Cost, replacement price Price effective from Koha item type
        Central Library Central Library 10/02/2016 Cen Lib/Ret 200.00   158.1 ਨਿਰਮਾ B-210450 10/02/2016 1 200.00 10/02/2016 Punjabi Bks

© Delhi Public Library
Hit Counter
free hit counter